[Event "AUTO-OPEN-358"]
[Site "http://www.queenalice.com/game.php?id=95939"]
[Date "2006.8.15"]
[Round "1"]
[White "Pigmeu"]
[Black "joaofernandesneto"]
[Result "0-1"]
[WhiteElo "1165"]
[BlackElo "1753"]

1. e3 e5 2. Qf3 d5 3. Nc3 Nf6 4. Nxd5 Bg4 5. Qg3 Qxd5 6. b3 Bd6 7. Be2 e4 8. Qh4
Bxe2 9. Kxe2 Be5 10. Rb1 Nc6 11. c4 Qd3+ 12. Kd1 Qxb1 13. Ne2 O-O-O 14. Nc3 Bxc3
15. Qh3+ Kb8 16. Ke2 Bxd2 17. a4 Qc2 18. Rd1 Bxc1+ 19. Ke1 Qxd1# 0-1

[Event "AUTO-OPEN-358"]
[Site "http://www.queenalice.com/game.php?id=95956"]
[Date "2006.8.15"]
[Round "1"]
[White "LoveChess"]
[Black "Pigmeu"]
[Result "1-0"]
[WhiteElo "2126"]
[BlackElo "1195"]

1. e4 e6 2. d4 Qf6 3. Nf3 Nh6 4. Bc4 Nc6 5. O-O Na5 6. Be2 Bb4 7. c3 Bd6 8. e5
Qd8 9. exd6 Nc4 10. Bxc4 b5 11. dxc7 Qxc7 12. Bxb5 Nf5 13. Bd3 Rb8 14. Na3 h5
15. Re1 Bb7 16. Bxf5 g6 17. Bd3 h4 18. Ne5 d6 19. Qa4+ Kf8 20. Nd7+ Ke8 21.
Nxb8+ Kd8 22. Nb5 Qc6 23. Nxc6+ Bxc6 24. Qxa7 Bd7 25. Bg5+ f6 26. Qb8+ Ke7 27.
Qxd6+ Kf7 28. Qxd7+ Kf8 29. Rxe6 1-0

[Event "AUTO-OPEN-358"]
[Site "http://www.queenalice.com/game.php?id=95957"]
[Date "2006.8.15"]
[Round "1"]
[White "Pigmeu"]
[Black "LoveChess"]
[Result "0-1"]
[WhiteElo "1238"]
[BlackElo "2109"]

1. e3 Nf6 2. Nh3 e5 3. d4 Nc6 4. dxe5 Nxe5 5. Ng5 Bc5 6. Nc3 O-O 7. Na4 Bb4+ 8.
c3 Be7 9. Nf3 Nxf3+ 10. Qxf3 d5 11. Bd3 Bg4 12. Qf4 Bd6 13. Qd4 Qe7 14. h3 c5
15. Nxc5 Bxc5 16. Qa4 Bd7 17. Qb3 Rab8 18. c4 Bb4+ 19. Bd2 Bxd2+ 20. Kxd2 dxc4
21. Bxc4 Ne4+ 22. Kd3 Nc5+ 23. Kd2 Nxb3+ 24. axb3 Qf6 25. Rhf1 Qxb2+ 26. Kd3
Rbd8 27. Rfb1 Bf5# 0-1

[Event "Challenge"]
[Site "http://www.queenalice.com/game.php?id=96036"]
[Date "2006.8.15"]
[Round "-"]
[White "Pigmeu"]
[Black "lobo"]
[Result "0-1"]
[WhiteElo "1100"]
[BlackElo "1738"]

1. e3 c6 2. Qf3 Nf6 3. Nc3 d5 4. Nh3 h6 5. Bd3 e5 6. e4 d4 7. Na4 Be6 8. Nc5
Bxc5 9. b4 Bd6 10. Bb2 Bxb4 11. a3 Be7 12. a4 Qb6 13. a5 Qxb2 14. Ke2 Bg4 15.
Bc4 Bxf3+ 16. Kxf3 Qxc2 17. Ba2 Qxe4+ 0-1

[Event "First"]
[Site "http://www.queenalice.com/game.php?id=96229"]
[Date "2006.8.16"]
[Round "-"]
[White "Pigmeu"]
[Black "JulianoSouza"]
[Result "0-1"]
[WhiteElo "1244"]
[BlackElo "1607"]

1. e3 e5 2. Qf3 Nf6 3. Bc4 e4 4. Qf4 d5 5. Bb3 Bd6 6. Qg5 O-O 7. h4 h6 8. Qg3
Bxg3 9. fxg3 Bg4 10. Nc3 Nc6 11. Nge2 Bxe2 12. Kxe2 Ng4 13. Bxd5 Nb4 14. b3 Nxd5
15. Nxd5 Qxd5 16. Rf1 Qe5 17. Bb2 Qxb2 18. d4 Qxc2+ 19. Ke1 Nxe3 20. d5 Nxg2#
0-1

[Event "Challenge"]
[Site "http://www.queenalice.com/game.php?id=96272"]
[Date "2006.8.16"]
[Round "-"]
[White "Pigmeu"]
[Black "jimwilson"]
[Result "0-1"]
[WhiteElo "1100"]
[BlackElo "1951"]

1. e3 e5 2. Qf3 Nf6 3. Nh3 Nc6 4. Ng5 d5 5. c4 h6 6. Nh3 Bg4 7. Qg3 Qd7 8. Ng1
Ne4 9. Qh4 g5 10. Qh3 Bxh3 11. gxh3 O-O-O 12. cxd5 Qxd5 13. Na3 Bb4 14. Nf3 h5
15. Nxg5 Bxd2+ 16. Bxd2 Qxd2# 0-1

[Event "Let's Play Chess!"]
[Site "http://www.queenalice.com/game.php?id=96274"]
[Date "2006.8.16"]
[Round "-"]
[White "Pigmeu"]
[Black "Re"]
[Result "0-1"]
[WhiteElo "1207"]
[BlackElo "885"]

1. e3 d6 2. Qf3 c5 3. Bc4 Be6 4. d4 Bxc4 5. Na3 d5 6. Nh3 e6 7. Qh5 g6 8. Qf3
Qa5+ 9. Bd2 Qc7 10. dxc5 Qxc5 11. b3 Ba6 12. Nf4 Qxa3 13. Bc1 Bb4+ 14. Kd1 g5
15. Nd3 g4 16. Qxg4 f5 17. Qh5+ Ke7 18. c3 Bxd3 19. cxb4 Qxb4 20. Qh4+ Qxh4 21.
g3 Qg4+ 22. f3 Qxf3+ 23. Ke1 Qe2# 0-1

[Event "AUTO-OPEN-365"]
[Site "http://www.queenalice.com/game.php?id=98401"]
[Date "2006.8.22"]
[Round "1"]
[White "lonely"]
[Black "Pigmeu"]
[Result "1-0"]
[WhiteElo "1295"]
[BlackElo "1238"]

1. d4 e6 2. c4 Qf6 3. Nc3 c5 4. e3 cxd4 5. exd4 Nc6 6. Nf3 Nxd4 7. Qxd4 e5 8.
Qxe5+ Qe7 9. Nd5 Qe6 10. Nc7+ Kd8 11. Nxe6+ Ke8 12. Nc7+ Kd8 13. Qe8+ Kxc7 14.
Qxf8 d6 15. Qxg7 Bf5 16. Qxh8 Nh6 17. Qf6 a5 18. Bxh6 1-0

[Event "AUTO-OPEN-365"]
[Site "http://www.queenalice.com/game.php?id=98402"]
[Date "2006.8.22"]
[Round "1"]
[White "Pigmeu"]
[Black "lonely"]
[Result "0-1"]
[WhiteElo "1146"]
[BlackElo "1515"]

1. e3 c5 2. Qf3 d6 3. Bc4 Nf6 4. g4 h6 5. h4 Bxg4 6. Qf4 Nc6 7. b4 Nxb4 8. Bb2
Nxc2+ 9. Kf1 Nxa1 10. Nc3 Nc2 11. Ne4 Bd7 12. Nxf6+ gxf6 13. Ne2 Bc6 14. Rg1 b5
15. Bb3 Nb4 16. d4 c4 17. Bc2 Nxc2 18. d5 Bxd5 19. Nc3 Bc6 20. Rg4 e5 21. Qf5
Bd7 22. Qf3 Nb4 23. Qg3 Bxg4 24. Qxg4 Rg8 25. Qxg8 f5 26. Bc1 Qxh4 27. e4 Qh1+
28. Ke2 Qxc1 29. Nxb5 Qc2+ 30. Kf3 Qxe4+ 31. Kg3 Qg4+ 32. Kh2 Qxg8 33. Nc7+ Kd7
34. Nxa8 Be7 35. a3 Nd3 36. f3 Nf4 37. a4 Qg2# 0-1

[Event "Challenge"]
[Site "http://www.queenalice.com/game.php?id=99784"]
[Date "2006.8.26"]
[Round "-"]
[White "Pigmeu"]
[Black "twisty_neil"]
[Result "0-1"]
[WhiteElo "1223"]
[BlackElo "1434"]

1. e3 e5 2. Qf3 Nf6 3. Bc4 e4 4. Qf4 Bd6 5. Qf5 Qe7 6. Nc3 g6 7. Qg5 Nc6 8. Nxe4
Qxe4 9. Bb3 Be7 10. Nh3 d5 11. Nf4 Nh5 12. Nxh5 Bxg5 13. Bxd5 Qxd5 14. c4 Qxg2
15. Rf1 gxh5 16. f4 Bh4+ 0-1

[Event "Challenge"]
[Site "http://www.queenalice.com/game.php?id=106659"]
[Date "2006.9.16"]
[Round "-"]
[White "Pigmeu"]
[Black "ricardo427"]
[Result "0-1"]
[WhiteElo "1165"]
[BlackElo "1208"]

1. e3 c5 2. Qf3 e5 3. Bc4 Nf6 4. e4 Bd6 5. b3 O-O 6. Qd3 Qe7 7. Nf3 Nc6 8. Ba3
Nh5 9. Bb2 Nb4 10. Qe3 Nxc2+ 0-1

[Event "Challenge"]
[Site "http://www.queenalice.com/game.php?id=106660"]
[Date "2006.9.16"]
[Round "-"]
[White "ricardo427"]
[Black "Pigmeu"]
[Result "1-0"]
[WhiteElo "1248"]
[BlackElo "1183"]

1. e4 e6 2. Nf3 c6 3. d4 c5 4. d5 Qb6 5. Bc4 Qb4+ 6. Nfd2 Nf6 7. O-O Qb6 8. Nc3
Qd6 9. Nb5 Qa6 10. Nc7+ Kd8 11. Nxa6 Nxa6 12. dxe6 fxe6 13. Bxa6 bxa6 14. Qf3
1-0

[Event "Challenge"]
[Site "http://www.queenalice.com/game.php?id=113458"]
[Date "2006.10.5"]
[Round "-"]
[White "Pigmeu"]
[Black "dkfuji"]
[Result "0-1"]
[WhiteElo "1184"]
[BlackElo "1984"]

1. e3 d5 2. Nc3 e6 3. Qf3 Nf6 4. Bb5+ c6 5. Ba4 Bd6 6. Nh3 O-O 7. b4 b5 8. Bb3
a5 9. bxa5 Qxa5 10. Bb2 Be5 11. d4 Ne4 12. Ng5 Nxg5 0-1

[Event "Challenge"]
[Site "http://www.queenalice.com/game.php?id=113460"]
[Date "2006.10.5"]
[Round "-"]
[White "dkfuji"]
[Black "Pigmeu"]
[Result "1-0"]
[WhiteElo "1986"]
[BlackElo "1182"]

1. d4 d5 2. e3 e6 3. c4 Nc6 4. cxd5 Nb4 5. dxe6 fxe6 6. Qh5+ Ke7 7. Na3 c5 8.
Qxc5+ Ke8 9. Qh5+ Kd7 10. Qb5+ Nc6 11. Bd2 Bd6 12. Nc4 1-0